000 00802nam a2200241Ia 4500
003 OSt
005 20220927105651.0
006 a|||||r|||| 00| 0
007 ta
008 220926b |||||||| |||| 00| 0 eng d
024 _a194947
037 _cReference Collections
040 _aRTL
_cRTL
_beng
041 _2eng
_aeng
082 _a"X622.2, P5/TH"
100 _aJAIN Vibha
_9374099
245 0 _aNon-performing assets in commercial and development banks in India.
260 _a"Delhi,"
_bUniversity of Delhi.
_c2005
300 _a263p. Bibliography: p i-vii
_ccm.
490 _a"University of Delhi,Commerce (Deptt.of-),Thesis. Thesis, University of Delhi, Commerce (Deptt.of-"
942 _h"X622.2, P5/TH"
_cCC
999 _c693793
_d693793